000 00459nam a2200181Ia 4500
001 25241
005 20260414151136.0
008 260414t2008||||xx |||||||||||||| ||spa||
041 _aESP
082 _a346.41
_bD75 V 2
100 _aDíez-Picazo, Luis
_eAUT
245 0 _aFundamentos del derecho civil patrimonial :
_blas relaciones obligatorias
260 _c2008
300 _a
_c24 cm.
650 _aDER
654 _aCDE
942 _cLIB
_dJUS
_fJUS
_2ddc
_n
999 _c25241
_d25241